[Event "Santos op"]
[Site "Santos"]
[Date "2009.06.28"]
[Round "6"]
[White "Amorim Barbosa, Evandro"]
[Black "Gallo Ponce, Elbert"]
[Result "1/2-1/2"]
[WhiteElo "2254"]
[BlackElo "2210"]
[PlyCount "84"]
[EventDate "2009.06.26"]
[EventType "swiss"]
[EventRounds "6"]
[EventCountry "BRA"]
[SourceTitle "EXT 2012"]
[Source "ChessBase"]
[SourceDate "2011.11.24"]
[SourceVersion "1"]
[SourceVersionDate "2011.11.24"]
[SourceQuality "1"]

1. e4 e6 2. d4 d5 3. Nc3 Bb4 4. e5 b6 5. a3 Bf8 6. Nf3 Ba6 7. Bxa6 Nxa6 8. Qd3 Nb8 9. Ne2 Qd7 10. 0-0 Nc6 11. c4 Nge7 12. Nf4 g6 13. Rd1 Bg7 14. cxd5 Nxd5 15. Ng5 Nce7 16. Qf3 0-0 17. Qh3 h6 18. Ne4 Nxf4 19. Bxf4 h5 20. Bg5 Nd5 21. Qh4 Qb5 22. Rd2 Qb3 23. Re1 Rfc8 24. Nf6+ Bxf6 25. exf6 Kf8 26. Bh6+ Ke8 27. Qg5 Kd7 28. Qe5 Qc4 29. Bg5 Qc6 30. Qe4 a5 31. Rc2 Qb5 32. Rec1 Ra7 33. Qe5 a4 34. Bh4 Qd3 35. Bg3 Qf5 36. Qe2 Qxf6 37. Rc4 Ke7 38. Qc2 Qf5 39. Qd1 Qg5 40. h3 Kf8 41. Rb1 Rd8 42. Rbc1 Rb8 1/2-1/2